| 000 | 01253cam a2200313 a 4500 | ||
|---|---|---|---|
| 999 |
_c330471 _d330471 |
||
| 001 | 17610010 | ||
| 003 | NUST | ||
| 005 | 20170717152415.0 | ||
| 008 | 130201s2012 pk 000 0 urd | ||
| 010 | _a 2013344103 | ||
| 020 | _a9789695810170 | ||
| 025 | _aP-U-2013344103; 15 | ||
| 037 |
_bLibrary of Congress -- Islamabad Overseas Office _cRs 300 |
||
| 040 |
_aDLC _cDLC |
||
| 042 | _alcode | ||
| 050 | 0 | 0 |
_aPK2173 _b.A25 2012 |
| 066 |
_c(3 _c(4 |
||
| 082 |
_a891.4393 _bAFA |
||
| 100 | 1 |
_6880-01 _aĀfāqī, Iqbāl. _93316 |
|
| 245 | 1 | 0 |
_6880-02 _aMansha yad kay muntakhib afsanay : _cIqbāl Āfāqī. |
| 260 |
_6880-03 _aLāhore : _bMisal publishers, _c2009. |
||
| 300 |
_a208 p. ; _c22 cm. |
||
| 546 | _aIn Urdu. | ||
| 650 | 0 |
_aShort stories, Urdu _93317 |
|
| 880 | 1 |
_6100-01/(3/r _aآفاقى، اقبال. |
|
| 880 | 1 | 0 |
_6245-02/(3/r _aمنشا یاد کے منتخب افسانے _cاقبال آفاقى. |
| 880 |
_6260-03/(3/r _aلاهور : _bمثال پبلشرز، _c2009. |
||
| 906 |
_a7 _bcbc _corigode _d3 _encip _f20 _gy-nonroman |
||
| 942 |
_2ddc _cBK |
||